| 000 | 00837mam a2200277 4500 | ||
|---|---|---|---|
| 001 | 1166845 | ||
| 003 | ARRUPE | ||
| 005 | 20131205131227.0 | ||
| 008 | 750808s1948 enk 000 0 eng | ||
| 010 | _a 49000906 | ||
| 035 | _a(OCoLC)ocm01525808 | ||
| 035 | _a(NNC)1166845 | ||
| 040 |
_aDLC _cGUA _dOCL |
||
| 050 | 0 |
_aF128.5 _b.B34 1948 |
|
| 082 | _a917.471 | ||
| 100 | 1 |
_aBeaton, Cecil, _d1904-1980. _95172 |
|
| 245 | 1 | 0 | _aPortrait of New York. |
| 260 |
_aLondon, _aNew York, _bB.T. Batsford _c[1948] |
||
| 300 |
_a135 p. _billus. _c23 cm. |
||
| 500 | _aA revision of the author's Cecil Beaton's New York, 1938. | ||
| 651 | 0 |
_aNew York (N.Y.) _xDescription and travel. _95173 |
|
| 651 | 0 |
_aNew York (N.Y.) _xSocial life and customs. _95174 |
|
| 942 |
_2lcc _cMONOGRAPH |
||
| 948 | 2 |
_a20121012 _ba _cdurst2 _dAVC |
|
| 999 |
_c119093 _d119093 |
||